Szczegóły MARC21

Langenscheidts Grosswörterbuch : der englischen und deutschen Sprache : "Der Kleine Muret-Sanders" Deutsch-Englisch /

005 -DATA I CZAS OSTATNIEJ MODYFIKACJI [,]
    • @
    • pole kontrolne
    • 20070315155141.9
020 -Międzynarod. znormalizowany nr książki - ISBN [ , ]
    • a
    • Numer ISBN
    • 3468021216 Find
    • z
    • Błędny ISBN (P)
    • 3468021259 Find
040 -Instytucja sporządzająca opis [ , ]
    • a
    • Instytucja, która sporządziła opis (NP)
    • SZCZ U
    • c
    • Instytucja, która sporządziła rekord (NP)
    • SZCZ U
942 -Rodzaj dokumentu [ , ]
    • c
    • Rodzaj dokumentu
    • Książka
245 -Strefa tytułu i oznaczenia odpowiedzialności [0, ]
    • a
    • Tytuł
    • Langenscheidts Grosswörterbuch : Find
    • b
    • Ciąg dalszy tytułu (NP)
    • der englischen und deutschen Sprache : "Der Kleine Muret-Sanders" Deutsch-Englisch / Find
    • c
    • Pozostałe elementy strefy tytułu i oznaczenia odpowiedzialności (NP)
    • [Eduard Muret, Daniel Sanders] ; [oprac.] von Heinz Messinger und derLangenscheidt-Redaktion.
250 -Strefa wydania [ , ]
    • a
    • Oznaczenie wydania (NP)
    • [7.,Aufl.].
260 -Strefa adresu wydawniczego [ , ]
    • a
    • Miejsce wydania (P)
    • Berlin ; München :
    • b
    • Nazwa wydawcy (P)
    • Langenscheidt,
    • c
    • Data wydania (P)
    • 1993.
300 -Strefa opisu fizycznego [ , ]
    • a
    • Określenie formy książki i/lub objętość (NP)
    • 1296 s. :
    • c
    • Format (NP)
    • 27 cm.
080 -Uniwersalna Klasyfikacja Dziesiętna [ , ]
    • a
    • Symbol klasyfikacji
    • 802.0::803.0-3
980 -Symbol UKD [ , ]
    • a
    • UKD
    • 802.0::803.0]-3
700 -Hasło dodatkowe - nazwa osobowa [ , ]
    • a
    • Nazwa osobowa (NP)
    • Messinger Heinz Find
700 -Hasło dodatkowe - nazwa osobowa [ , ]
    • a
    • Nazwa osobowa (NP)
    • Muret Eduard Find
700 -Hasło dodatkowe - nazwa osobowa [ , ]
    • a
    • Nazwa osobowa (NP)
    • Sanders Daniel Find
920 -ISBN [ , ]
    • a
    • ISBN
    • 3-468-02121-6 Find
    • z
    • Błędny ISBN
    • 3-468-02125-9 Find
Numer inwentarzowy Status udost. Lokalizacja Data inwentaryzacji
S.87694-2BE2001-02-05